El grabado a través del tiempo (Record no. 397)

MARC details
000 -CABECERA
campo de control de longitud fija 00740nam a2200193 a 4500
001 - NÚMERO DE CONTROL
campo de control BRCA_462
005 - FECHA Y HORA DE LA ÚLTIMA TRANSACCIÓN
campo de control 20190320203024.0
008 - DATOS DE LONGITUD FIJA--INFORMACIÓN GENERAL
campo de control de longitud fija 020805s1981----gw-a---###---#000-0#spa-d
050 #4 - SIGNATURA TOPOGRÁFICA DE LA BIBLIOTECA DEL CONGRESO
Número de clasificación NE400
Número de documento/Ítem .M39 1981
100 1# - ENTRADA PRINCIPAL--NOMBRE DE PERSONA
Nombre de persona Max Kober, Karl
9 (RLIN) 1590
245 10 - MENCIÓN DE TÍTULO
Título El grabado a través del tiempo
Resto del título un libro de arte para lectores jóvenes
Mención de responsabilidad, etc. Karl Max Kober.
260 ## - PUBLICACIÓN, DISTRIBUCIÓN, ETC.
Lugar de publicación, distribución, etc. Alemania
Nombre del editor, distribuidor, etc. Gente Nueva
Fecha de publicación, distribución, etc. 1981
300 ## - DESCRIPCIÓN FÍSICA
Extensión 79 p.
Otras características físicas il. (algunas a color)
Dimensiones 23 cm.
500 ## - NOTA GENERAL
Nota general Contiene información de un libro de la colección Franz Mayer : Hartmann Schedel. Crónica mundial [Crónica de Nuremberg] (pp. 14-15)
500 ## - NOTA GENERAL
Nota general Incluye índice de ilustraciones
650 14 - PUNTO DE ACCESO ADICIONAL DE MATERIA--TÉRMINO DE MATERIA
Término de materia o nombre geográfico como elemento de entrada Grabado
Subdivisión general Historia
9 (RLIN) 1591
650 14 - PUNTO DE ACCESO ADICIONAL DE MATERIA--TÉRMINO DE MATERIA
Término de materia o nombre geográfico como elemento de entrada Artes gráficas
Subdivisión general Historia
9 (RLIN) 1592
942 ## - ELEMENTOS DE PUNTO DE ACCESO ADICIONAL (KOHA)
Fuente del sistema de clasificación o colocación Library of Congress Classification
Tipo de ítem Koha Libros
Holdings
Estado de retiro Estado de pérdida Estado dañado No para préstamo Localización permanente Ubicación/localización actual Fecha de adquisición Total de préstamos Signatura topográfica completa Código de barras Fecha visto por última vez Precio válido a partir de Tipo de ítem Koha
El ejemplar forma parte de la colección y puede ser consultado según las políticas vigentes.       Biblioteca del Museo Franz Mayer (Rogerio Casas-Alatriste) Biblioteca del Museo Franz Mayer (Rogerio Casas-Alatriste) 25/06/2008   NE400 .M39 1981 00762 22/03/2019 22/03/2019 Libros